NBA Grizzlies all time starting roster - Statistics

General Stats
  • This quiz has been taken 11 times
  • The average score is 9 of 13
Answer Stats
Hint Answer % Correct
PG Ja Morant
100%
C Marc Gasol
100%
BN Pau Gasol
100%
BN Jaren Jackson Jr.
90%
BN Desmond Bane
80%
PF Zach Randolph
80%
BN Tony Allen
70%
SG Mike Conley
60%
SF Rudy Gay
60%
BN Mike Miller
40%
BN Shane Battier
40%
BN Shareef Abdur-Rahim
30%
BN Dillon Brooks
20%
No matching quizzes found
Score Distribution
Percent of People with Each Score
Percentile by Number Answered
Your Score History
You have not taken this quiz